00773nam a2200193Ia 4500003000200000005001700002008004100019050002900060100003200089245013100121260008500252300003300337504004100370650003000411650002800441650003900469650003200508650003900540020250116083118.0161205s9999 xx 000 0 und d aPHS TP 1183.C6b.Q6 2015 aQuianzon, Charles Edric P.  4aThe production of biodegradable plastic from Chitosan extracted from mussel (Mytilus edulis) shellscCharles Edric P. Quainzon aLas Piñas, Philippines :bSouthville International School and Colleges,c2015. aiii, 26 p. :bill. ;c28 cm. aIncludes bibliographical references. aPlasticsvBiodegradation. aBiodegradable plastics. aChitosanvIndustrial applications. aMytilus edulisvByproducts. aSustainable materialsvProduction.